[Event "17th International Chess Festival"]
[Site "Rochefort"]
[Date "2018.02.17"]
[Round "1.1"]
[White "Spiridonov, Nikola"]
[Black "Demchenko, Anton"]
[Result "0-1"]
[BlackElo "2671"]
[WhiteElo "2141"]
[LiveChessVersion "1.4.8"]

1. Nf3 {[%clk 1:30:41]} Nf6 {[%clk 1:30:46]} 2. g3 {[%clk 1:30:54]} g6
{[%clk 1:31:10]} 3. b4 {[%clk 1:31:05]} b6 {[%clk 1:26:47]} 4. Bg2
{[%clk 1:27:44]} Bb7 {[%clk 1:27:12]} 5. O-O {[%clk 1:27:59]} Bg7
{[%clk 1:27:27]} 6. Bb2 {[%clk 1:28:16]} O-O {[%clk 1:27:12]} 7. d3
{[%clk 1:20:27]} d6 {[%clk 1:24:21]} 8. Nbd2 {[%clk 1:18:41]} e5 {[%clk 1:18:34]}
9. Re1 {[%clk 1:04:05]} Re8 {[%clk 0:59:24]} 10. e4 {[%clk 1:00:35]} Nbd7
{[%clk 0:57:37]} 11. Nc4 {[%clk 0:50:24]} Nf8 {[%clk 0:57:03]} 12. a4
{[%clk 0:49:28]} a6 {[%clk 0:57:20]} 13. Ne3 {[%clk 0:45:53]} Ne6
{[%clk 0:53:27]} 14. c4 {[%clk 0:34:47]} a5 {[%clk 0:52:52]} 15. bxa5
{[%clk 0:34:48]} bxa5 {[%clk 0:51:38]} 16. Nd5 {[%clk 0:24:44]} Nd7
{[%clk 0:50:42]} 17. Rb1 {[%clk 0:17:32]} c6 {[%clk 0:45:28]} 18. Nc3
{[%clk 0:13:50]} Ndc5 {[%clk 0:43:33]} 19. Ba3 {[%clk 0:12:22]} Rb8
{[%clk 0:42:59]} 20. Re2 {[%clk 0:12:26]} Ba6 {[%clk 0:39:00]} 21. Reb2
{[%clk 0:11:06]} Rxb2 {[%clk 0:36:21]} 22. Rxb2 {[%clk 0:11:09]} Qc7
{[%clk 0:36:07]} 23. h4 {[%clk 0:08:30]} Bf6 {[%clk 0:34:57]} 24. Bh3
{[%clk 0:08:38]} Bc8 {[%clk 0:34:20]} 25. Bxc5 {[%clk 0:05:45]} Nxc5
{[%clk 0:33:57]} 26. Bxc8 {[%clk 0:06:00]} Qxc8 {[%clk 0:33:40]} 27. Kg2
{[%clk 0:06:15]} Bg7 {[%clk 0:29:28]} 28. Nb1 {[%clk 0:04:47]} f5
{[%clk 0:28:42]} 29. Nc3 {[%clk 0:04:46]} Rf8 {[%clk 0:27:03]} 30. Qe2
{[%clk 0:04:11]} f4 {[%clk 0:25:39]} 31. Rb1 {[%clk 0:02:57]} Bh6
{[%clk 0:24:04]} 32. Rd1 {[%clk 0:03:01]} fxg3 {[%clk 0:23:33]} 33. fxg3
{[%clk 0:03:28]} Qg4 {[%clk 0:23:53]} 34. Ng1 {[%clk 0:03:01]} Qxe2+ 35. Ngxe2
{[%clk 0:02:48]} Be3 {[%clk 0:22:28]} 36. d4 {[%clk 0:02:37]} Rf2+
{[%clk 0:21:03]} 37. Kh3 {[%clk 0:03:03]} exd4 {[%clk 0:10:57]} 38. Nxd4
{[%clk 0:03:17]} Bxd4 {[%clk 0:07:35]} 39. Rxd4 {[%clk 0:03:03]} Rf3
{[%clk 0:07:57]} 40. Nd1 {[%clk 0:02:58]} Kf7 {[%clk 0:05:28]} 41. Rxd6
{[%clk 0:02:23]} Rxg3+ {[%clk 0:05:46]} 42. Kh2 {[%clk 0:02:29]} Nxe4
{[%clk 0:04:25]} 43. Rxc6 {[%clk 0:02:41]} Rd3 {[%clk 0:04:50]} 44. Rc7+
{[%clk 0:01:52]} Kf6 {[%clk 0:04:31]} 45. Rxh7 {[%clk 0:02:02]} Rxd1
{[%clk 0:04:34]} 46. Ra7 {[%clk 0:01:54]} Kf5 {[%clk 0:03:47]} 47. Rxa5+
{[%clk 0:02:02]} Kg4 {[%clk 0:04:12]} 48. Ra6 {[%clk 0:30:18]} Rd2+
{[%clk 0:34:29]} 49. Kg1 {[%clk 0:30:29]} Ng3 {[%clk 0:34:06]} 0-1

[Event "17th International Chess Festival"]
[Site "Rochefort"]
[Date "2018.02.17"]
[Round "1.3"]
[White "Faber, Michel"]
[Black "Maiorov, Nikita"]
[Result "0-1"]
[BlackElo "2547"]
[WhiteElo "2110"]
[LiveChessVersion "1.4.8"]

1. c4 {[%clk 1:30:30]} e6 {[%clk 1:24:47]} 2. e4 {[%clk 1:30:22]} d5
{[%clk 1:24:40]} 3. cxd5 {[%clk 1:30:08]} exd5 {[%clk 1:25:06]} 4. exd5
{[%clk 1:30:28]} Nf6 {[%clk 1:24:11]} 5. Bb5+ {[%clk 1:25:39]} Nbd7
{[%clk 1:18:03]} 6. Nc3 {[%clk 1:23:35]} Be7 {[%clk 1:18:27]} 7. Nge2
{[%clk 1:19:54]} O-O {[%clk 1:11:31]} 8. O-O {[%clk 1:16:34]} Nb6
{[%clk 1:10:34]} 9. d4 {[%clk 1:11:55]} Nfxd5 {[%clk 1:10:09]} 10. Nf4
{[%clk 1:00:23]} Nxf4 {[%clk 0:54:13]} 11. Bxf4 {[%clk 0:59:40]} c6
{[%clk 0:54:38]} 12. Be2 {[%clk 0:48:39]} Be6 {[%clk 0:54:44]} 13. Ne4
{[%clk 0:47:27]} Nd5 {[%clk 0:54:33]} 14. Bd2 {[%clk 0:45:42]} Qb6
{[%clk 0:45:25]} 15. Qa4 {[%clk 0:41:08]} Bf5 {[%clk 0:41:20]} 16. Ng3
{[%clk 0:34:03]} Bg6 {[%clk 0:41:26]} 17. b3 {[%clk 0:32:16]} Bf6
{[%clk 0:35:39]} 18. Rad1 {[%clk 0:28:56]} Qxd4 {[%clk 0:29:38]} 19. Qxd4
{[%clk 0:25:45]} Bxd4 {[%clk 0:30:04]} 20. Bf3 {[%clk 0:25:57]} Rfd8
{[%clk 0:19:26]} 21. Ba5 {[%clk 0:15:38]} Bb6 {[%clk 0:17:52]} 22. Bxd5
{[%clk 0:13:20]} Bxa5 {[%clk 0:18:10]} 23. Be4 {[%clk 0:13:28]} Bxe4
{[%clk 0:13:54]} 24. Nxe4 {[%clk 0:13:47]} Bb4 {[%clk 0:14:12]} 25. g4
{[%clk 0:13:19]} Kf8 {[%clk 0:14:31]} 26. Kg2 {[%clk 0:13:09]} Rd5
{[%clk 0:14:35]} 27. Rxd5 {[%clk 0:12:59]} cxd5 {[%clk 0:15:01]} 28. Ng3
{[%clk 0:13:16]} g6 {[%clk 0:13:46]} 29. Rd1 {[%clk 0:12:55]} Rd8
{[%clk 0:14:11]} 30. Ne2 {[%clk 0:11:09]} Rd6 {[%clk 0:10:18]} 31. Nf4
{[%clk 0:08:41]} d4 {[%clk 0:10:43]} 32. Kf3 {[%clk 0:08:00]} Bc3
{[%clk 0:10:19]} 33. Ke4 {[%clk 0:06:58]} Ra6 {[%clk 0:10:33]} 34. a4
{[%clk 0:07:10]} Rb6 {[%clk 0:10:07]} 35. Rb1 {[%clk 0:07:37]} g5
{[%clk 0:10:16]} 36. Nd5 {[%clk 0:08:03]} Rh6 {[%clk 0:10:21]} 37. Rh1
{[%clk 0:07:55]} Be1 {[%clk 0:06:59]} 38. Rxe1 {[%clk 0:07:51]} Re6+
{[%clk 0:07:25]} 0-1

[Event "17th International Chess Festival"]
[Site "Rochefort"]
[Date "2018.02.17"]
[Round "1.4"]
[White "Nikolov, Momchil"]
[Black "Roselle, Tristan"]
[Result "1-0"]
[BlackElo "2105"]
[WhiteElo "2545"]
[LiveChessVersion "1.4.8"]

1. d4 {[%clk 1:30:56]} d5 {[%clk 1:30:50]} 2. Nf3 {[%clk 1:30:58]} Nf6
{[%clk 1:30:54]} 3. c4 {[%clk 1:31:19]} e6 {[%clk 1:30:53]} 4. g3
{[%clk 1:31:07]} Be7 {[%clk 1:30:41]} 5. Bg2 {[%clk 1:31:28]} O-O
{[%clk 1:30:48]} 6. O-O {[%clk 1:31:42]} dxc4 {[%clk 1:30:36]} 7. Qc2
{[%clk 1:31:47]} a6 {[%clk 1:30:44]} 8. a4 {[%clk 1:31:45]} Nc6 {[%clk 1:30:05]}
9. Qxc4 {[%clk 1:31:37]} Na5 {[%clk 1:30:15]} 10. Qc2 {[%clk 1:30:23]} b6
{[%clk 1:29:36]} 11. Bg5 {[%clk 1:15:03]} Bb7 {[%clk 1:26:12]} 12. Nc3
{[%clk 1:14:29]} c5 {[%clk 1:15:02]} 13. Rad1 {[%clk 1:11:00]} Qc7
{[%clk 1:11:06]} 14. Bf4 {[%clk 1:03:37]} Qc8 {[%clk 1:03:07]} 15. Be5
{[%clk 0:51:58]} h6 {[%clk 0:58:08]} 16. Bxf6 {[%clk 0:40:44]} Bxf6
{[%clk 0:57:01]} 17. Ne4 {[%clk 0:41:04]} Bxe4 {[%clk 0:50:47]} 18. Qxe4
{[%clk 0:41:28]} Ra7 {[%clk 0:46:15]} 19. dxc5 {[%clk 0:30:27]} bxc5
{[%clk 0:43:40]} 20. b4 {[%clk 0:30:36]} cxb4 {[%clk 0:42:39]} 21. Qxb4
{[%clk 0:31:03]} Bc3 {[%clk 0:39:44]} 22. Qe4 {[%clk 0:27:47]} Bf6
{[%clk 0:33:25]} 23. Ne5 {[%clk 0:25:28]} Rc7 {[%clk 0:31:06]} 24. Rd3
{[%clk 0:21:56]} Nb7 {[%clk 0:27:45]} 25. Qe3 {[%clk 0:20:33]} Nc5
{[%clk 0:24:31]} 26. Ra3 {[%clk 0:19:39]} Nd7 {[%clk 0:22:37]} 27. Nd3
{[%clk 0:18:16]} a5 {[%clk 0:19:02]} 28. Rb1 {[%clk 0:16:42]} Rc3
{[%clk 0:16:03]} 29. Rxc3 {[%clk 0:13:37]} Qxc3 {[%clk 0:16:24]} 30. Qa7
{[%clk 0:10:44]} Ne5 {[%clk 0:14:33]} 31. Nxe5 {[%clk 0:05:43]} Bxe5
{[%clk 0:14:25]} 32. Qd7 {[%clk 0:05:27]} Qc2 {[%clk 0:13:20]} 33. Qd1
{[%clk 0:03:27]} Qxd1+ {[%clk 0:13:38]} 34. Rxd1 {[%clk 0:03:55]} Rb8
{[%clk 0:13:26]} 35. Bc6 {[%clk 0:04:09]} Bc3 {[%clk 0:13:19]} 36. Rd7
{[%clk 0:04:19]} Rc8 {[%clk 0:12:54]} 37. Bb5 {[%clk 0:04:46]} Bb4
{[%clk 0:13:12]} 38. Kg2 {[%clk 0:04:55]} g6 {[%clk 0:12:53]} 39. Ra7
{[%clk 0:04:03]} Kg7 {[%clk 0:12:52]} 40. Bd7 {[%clk 0:03:55]} Rc2
{[%clk 0:12:04]} 41. Bxe6 {[%clk 0:03:54]} Rxe2 {[%clk 0:12:17]} 42. Rxf7+
{[%clk 0:04:07]} Kh8 {[%clk 0:11:24]} 43. Bc4 {[%clk 0:04:10]} Re7
{[%clk 0:11:25]} 44. Rf6 {[%clk 0:03:42]} Kg7 {[%clk 0:10:03]} 45. Rc6
{[%clk 0:03:54]} Rd7 {[%clk 0:09:23]} 46. h4 {[%clk 0:03:54]} h5 {[%clk 0:08:20]}
47. Bb3 {[%clk 0:29:05]} Rd6 {[%clk 0:34:24]} 48. Rc7+ {[%clk 0:29:24]} Kh6
{[%clk 0:30:54]} 49. f4 {[%clk 0:20:31]} Rd2+ {[%clk 0:26:42]} 50. Kf1
{[%clk 0:19:11]} Rd8 {[%clk 0:25:50]} 51. Bc2 {[%clk 0:18:01]} Re8
{[%clk 0:19:13]} 52. Rc6 {[%clk 0:16:43]} Re1+ {[%clk 0:16:55]} 53. Kg2
{[%clk 0:15:50]} 1-0

[Event "17th International Chess Festival"]
[Site "Rochefort"]
[Date "2018.02.17"]
[Round "1.5"]
[White "Mariette, Lucas"]
[Black "Ikonnikov, Vyacheslav"]
[Result "0-1"]
[BlackElo "2532"]
[WhiteElo "2094"]
[LiveChessVersion "1.4.8"]

1. e4 {[%clk 1:30:55]} c5 {[%clk 1:30:45]} 2. Nf3 {[%clk 1:31:06]} a6
{[%clk 1:31:01]} 3. c3 {[%clk 1:31:00]} e6 {[%clk 1:30:44]} 4. d4
{[%clk 1:31:02]} d5 {[%clk 1:31:01]} 5. e5 {[%clk 1:28:40]} Nc6 {[%clk 1:31:13]}
6. Bd3 {[%clk 1:25:56]} Qb6 {[%clk 1:30:00]} 7. O-O {[%clk 1:25:55]} Bd7
{[%clk 1:30:25]} 8. Bc2 {[%clk 1:24:34]} cxd4 {[%clk 1:24:41]} 9. cxd4
{[%clk 1:24:54]} Nb4 {[%clk 1:25:06]} 10. Nc3 {[%clk 1:21:01]} Nxc2
{[%clk 1:22:57]} 11. Qxc2 {[%clk 1:21:14]} Ne7 {[%clk 1:22:55]} 12. Be3
{[%clk 1:13:57]} Nf5 {[%clk 1:21:47]} 13. Rac1 {[%clk 1:11:40]} Rc8
{[%clk 1:14:32]} 14. Qd2 {[%clk 1:04:34]} Nxe3 {[%clk 0:53:02]} 15. fxe3
{[%clk 1:04:33]} Be7 {[%clk 0:53:28]} 16. Rc2 {[%clk 0:57:46]} O-O
{[%clk 0:51:51]} 17. Rfc1 {[%clk 0:51:22]} Qa5 {[%clk 0:51:03]} 18. Qd3
{[%clk 0:44:08]} Rc6 {[%clk 0:47:32]} 19. e4 {[%clk 0:31:19]} dxe4
{[%clk 0:42:37]} 20. Nxe4 {[%clk 0:29:49]} Rxc2 {[%clk 0:41:45]} 21. Rxc2
{[%clk 0:28:10]} Bb5 {[%clk 0:40:33]} 22. Qd2 {[%clk 0:27:24]} Qxa2
{[%clk 0:39:27]} 23. Rc7 {[%clk 0:16:28]} Qb1+ {[%clk 0:32:22]} 24. Qe1
{[%clk 0:15:10]} Qxe1+ {[%clk 0:32:39]} 25. Nxe1 {[%clk 0:15:35]} Bd8
{[%clk 0:32:54]} 26. Rc1 {[%clk 0:14:00]} Bb6 {[%clk 0:32:40]} 27. Nf3
{[%clk 0:13:28]} Bc6 {[%clk 0:30:42]} 28. Nc5 {[%clk 0:13:13]} Rd8
{[%clk 0:31:01]} 29. Kf1 {[%clk 0:11:48]} g5 {[%clk 0:28:17]} 30. h3
{[%clk 0:09:58]} h5 {[%clk 0:27:42]} 31. Nxg5 {[%clk 0:07:23]} Rxd4
{[%clk 0:28:02]} 32. Nf3 {[%clk 0:06:38]} Rb4 {[%clk 0:27:42]} 0-1

[Event "17th International Chess Festival"]
[Site "Rochefort"]
[Date "2018.02.17"]
[Round "2.1"]
[White "Demchenko, Anton"]
[Black "Stets, Dmitry"]
[Result "1-0"]
[BlackElo "2398"]
[WhiteElo "2671"]
[LiveChessVersion "1.4.8"]

1. e4 {[%clk 1:21:50]} c5 {[%clk 1:30:56]} 2. Nf3 {[%clk 1:22:00]} d6
{[%clk 1:31:08]} 3. Bb5+ {[%clk 1:21:42]} Nd7 {[%clk 1:31:19]} 4. d4
{[%clk 1:21:55]} Ngf6 {[%clk 1:31:02]} 5. Nc3 {[%clk 1:21:49]} a6
{[%clk 1:31:18]} 6. Bxd7+ {[%clk 1:22:11]} Nxd7 {[%clk 1:31:40]} 7. O-O
{[%clk 1:22:35]} e6 {[%clk 1:31:47]} 8. Bg5 {[%clk 1:22:19]} Qc7 {[%clk 1:31:50]}
9. d5 {[%clk 1:22:25]} e5 {[%clk 1:32:05]} 10. a4 {[%clk 1:22:50]} g6
{[%clk 1:31:17]} 11. Nd2 {[%clk 1:23:09]} Bg7 {[%clk 1:31:41]} 12. Nc4
{[%clk 1:23:20]} Nb6 {[%clk 1:31:35]} 13. Nxb6 {[%clk 1:23:38]} Qxb6
{[%clk 1:31:59]} 14. a5 {[%clk 1:24:04]} Qc7 {[%clk 1:31:34]} 15. Bd2
{[%clk 1:24:29]} b5 {[%clk 1:24:33]} 16. axb6 {[%clk 1:24:52]} Qxb6
{[%clk 1:24:59]} 17. Na4 {[%clk 1:23:38]} Qc7 {[%clk 1:24:43]} 18. Qe1
{[%clk 1:11:31]} Rb8 {[%clk 0:38:17]} 19. Ba5 {[%clk 1:10:20]} Qa7
{[%clk 0:38:32]} 20. Qe3 {[%clk 1:04:55]} h5 {[%clk 0:34:18]} 21. b4
{[%clk 0:59:08]} Bh6 {[%clk 0:29:59]} 22. Qc3 {[%clk 0:52:02]} O-O
{[%clk 0:26:43]} 23. bxc5 {[%clk 0:51:21]} dxc5 {[%clk 0:26:50]} 24. Qxc5
{[%clk 0:40:56]} Qxc5 {[%clk 0:25:14]} 25. Nxc5 {[%clk 0:41:16]} f5
{[%clk 0:24:10]} 26. c4 {[%clk 0:27:46]} fxe4 {[%clk 0:22:25]} 27. Nxe4
{[%clk 0:27:50]} Rb2 {[%clk 0:20:19]} 28. Rfe1 {[%clk 0:22:02]} Bf5
{[%clk 0:14:14]} 29. f3 {[%clk 0:22:07]} Rc2 {[%clk 0:13:30]} 30. c5
{[%clk 0:19:21]} Rf7 {[%clk 0:10:16]} 31. c6 {[%clk 0:18:05]} Bf8
{[%clk 0:10:00]} 32. Rec1 {[%clk 0:14:56]} Bxe4 {[%clk 0:06:16]} 33. fxe4
{[%clk 0:14:51]} Bc5+ {[%clk 0:05:53]} 34. Kh1 {[%clk 0:15:15]} Rff2
{[%clk 0:06:04]} 35. c7 {[%clk 0:13:54]} 1-0

[Event "17th International Chess Festival"]
[Site "Rochefort"]
[Date "2018.02.17"]
[Round "2.2"]
[White "Kulkarni, Rakesh"]
[Black "Sumets, Andrey"]
[Result "1/2-1/2"]
[BlackElo "2569"]
[WhiteElo "2332"]
[LiveChessVersion "1.4.8"]

1. e4 {[%clk 1:27:36]} e6 {[%clk 1:23:38]} 2. d4 {[%clk 1:27:57]} d5
{[%clk 1:24:05]} 3. Bd3 {[%clk 1:28:21]} dxe4 {[%clk 1:24:21]} 4. Bxe4
{[%clk 1:28:45]} Nf6 {[%clk 1:24:47]} 5. Bf3 {[%clk 1:29:09]} Nbd7
{[%clk 1:24:48]} 6. Nc3 {[%clk 1:29:30]} c6 {[%clk 1:25:13]} 7. Nge2
{[%clk 1:29:43]} Bd6 {[%clk 1:25:37]} 8. Bg5 {[%clk 1:29:12]} O-O
{[%clk 1:22:22]} 9. Qd2 {[%clk 1:29:05]} Qc7 {[%clk 1:16:25]} 10. O-O-O
{[%clk 1:24:41]} Re8 {[%clk 1:16:35]} 11. Rhe1 {[%clk 1:13:28]} a5
{[%clk 1:09:36]} 12. g4 {[%clk 1:08:50]} a4 {[%clk 1:09:23]} 13. a3
{[%clk 1:04:58]} Ra5 {[%clk 0:54:16]} 14. h4 {[%clk 0:59:53]} b6 {[%clk 0:43:14]}
15. Bf4 {[%clk 0:43:48]} Ba6 {[%clk 0:33:50]} 16. Bxd6 {[%clk 0:37:55]} Qxd6
{[%clk 0:33:25]} 17. g5 {[%clk 0:36:35]} Nd5 {[%clk 0:32:30]} 18. Ne4
{[%clk 0:36:51]} Qc7 {[%clk 0:32:55]} 19. Rg1 {[%clk 0:35:41]} Bxe2
{[%clk 0:29:23]} 20. Bxe2 {[%clk 0:31:43]} Qf4 {[%clk 0:27:25]} 21. Qxf4
{[%clk 0:28:38]} Nxf4 {[%clk 0:27:43]} 22. Bf3 {[%clk 0:28:58]} b5
{[%clk 0:19:55]} 23. h5 {[%clk 0:25:19]} Rb8 {[%clk 0:15:46]} 24. c3
{[%clk 0:24:52]} Kf8 {[%clk 0:14:58]} 25. Kc2 {[%clk 0:14:56]} Ra7
{[%clk 0:14:54]} 26. Nc5 {[%clk 0:10:32]} Nxc5 {[%clk 0:14:35]} 27. dxc5
{[%clk 0:10:56]} Nd5 {[%clk 0:14:26]} 28. g6 {[%clk 0:09:05]} h6 {[%clk 0:11:59]}
29. Rge1 {[%clk 0:08:26]} 1/2-1/2

[Event "17th International Chess Festival"]
[Site "Rochefort"]
[Date "2018.02.17"]
[Round "3.1"]
[White "Martinez Duany, Lelys Stanley"]
[Black "Demchenko, Anton"]
[Result "1/2-1/2"]
[BlackElo "2671"]
[WhiteElo "2509"]
[LiveChessVersion "1.4.8"]

1. e4 {[%clk 1:26:27]} e5 {[%clk 1:29:38]} 2. Nf3 {[%clk 1:26:34]} Nc6
{[%clk 1:30:05]} 3. Bb5 {[%clk 1:26:46]} g6 {[%clk 1:29:58]} 4. d4
{[%clk 1:24:48]} exd4 {[%clk 1:30:19]} 5. Bg5 {[%clk 1:24:15]} Be7
{[%clk 1:30:09]} 6. Bxe7 {[%clk 1:24:20]} Qxe7 {[%clk 1:30:35]} 7. O-O
{[%clk 1:24:27]} Qc5 {[%clk 1:18:52]} 8. Bxc6 {[%clk 1:24:10]} dxc6
{[%clk 1:19:00]} 9. Qxd4 {[%clk 1:24:22]} Qxd4 {[%clk 1:19:27]} 10. Nxd4
{[%clk 1:24:43]} Bd7 {[%clk 1:18:43]} 11. Nc3 {[%clk 1:24:43]} O-O-O
{[%clk 1:18:47]} 12. Rad1 {[%clk 1:24:32]} Nf6 {[%clk 1:16:17]} 13. f3
{[%clk 1:23:56]} Rde8 {[%clk 1:14:38]} 14. Kf2 {[%clk 1:22:41]} g5
{[%clk 1:13:16]} 15. Rfe1 {[%clk 1:16:09]} Re5 {[%clk 1:06:38]} 16. Nb3
{[%clk 1:13:04]} Rhe8 {[%clk 0:58:08]} 17. h3 {[%clk 1:08:11]} Nh5
{[%clk 0:49:52]} 18. Nc1 {[%clk 1:08:10]} b6 {[%clk 0:44:19]} 19. Nd3
{[%clk 1:08:13]} R5e7 {[%clk 0:44:48]} 20. g4 {[%clk 1:03:44]} Ng7
{[%clk 0:44:55]} 21. h4 {[%clk 1:03:33]} gxh4 {[%clk 0:41:00]} 22. Rh1
{[%clk 0:58:06]} h5 {[%clk 0:41:24]} 23. gxh5 {[%clk 0:57:36]} Nxh5
{[%clk 0:41:45]} 24. Rxh4 {[%clk 0:57:20]} Ng7 {[%clk 0:42:11]} 25. Rg1
{[%clk 0:49:27]} Ne6 {[%clk 0:40:32]} 26. Nd1 {[%clk 0:40:48]} Nd4
{[%clk 0:31:51]} 27. c3 {[%clk 0:39:22]} Nb5 {[%clk 0:32:08]} 28. Ne3
{[%clk 0:39:30]} Be6 {[%clk 0:31:57]} 29. a4 {[%clk 0:34:16]} Nd6
{[%clk 0:32:26]} 30. b4 {[%clk 0:27:22]} Rd8 {[%clk 0:28:42]} 31. Ne5
{[%clk 0:26:22]} Kb7 {[%clk 0:26:41]} 32. a5 {[%clk 0:22:33]} a6 {[%clk 0:27:10]}
33. c4 {[%clk 0:20:15]} Bc8 {[%clk 0:10:50]} 34. Rh5 {[%clk 0:18:13]} Ne8
{[%clk 0:10:58]} 35. b5 {[%clk 0:16:15]} cxb5 {[%clk 0:09:21]} 36. Nd5
{[%clk 0:16:08]} Re6 {[%clk 0:08:08]} 37. Nxf7 {[%clk 0:16:10]} Rd7
{[%clk 0:08:35]} 38. Ne5 {[%clk 0:15:46]} Rg7 {[%clk 0:05:15]} 39. axb6
{[%clk 0:11:51]} Rxg1 {[%clk 0:03:43]} 40. Kxg1 {[%clk 0:12:11]} cxb6
{[%clk 0:03:58]} 41. cxb5 {[%clk 0:10:23]} axb5 {[%clk 0:04:01]} 42. f4
{[%clk 0:09:50]} Nf6 {[%clk 0:29:53]} 43. Nxf6 {[%clk 0:34:27]} Rxf6
{[%clk 0:30:17]} 44. f5 {[%clk 0:34:16]} b4 {[%clk 0:28:01]} 45. Kf2
{[%clk 0:33:08]} b3 {[%clk 0:27:57]} 46. Nd3 {[%clk 0:33:29]} Kc6
{[%clk 0:11:52]} 47. Ke3 {[%clk 0:33:38]} Kb5 {[%clk 0:12:08]} 48. Rh1
{[%clk 0:33:32]} Rf7 {[%clk 0:09:28]} 49. Kd4 {[%clk 0:30:30]} Rd7+
{[%clk 0:07:24]} 50. Kc3 {[%clk 0:30:36]} Re7 {[%clk 0:07:22]} 51. f6
{[%clk 0:29:33]} Rf7 {[%clk 0:03:50]} 52. Rh5+ {[%clk 0:29:38]} Ka6
{[%clk 0:01:52]} 53. Nb4+ {[%clk 0:25:19]} Kb7 {[%clk 0:02:14]} 54. e5
{[%clk 0:23:51]} Be6 {[%clk 0:02:30]} 55. Rh8 {[%clk 0:22:24]} Rc7+
{[%clk 0:01:18]} 56. Kb2 {[%clk 0:22:45]} Rd7 {[%clk 0:01:38]} 57. Ka3
{[%clk 0:21:48]} Rd2 {[%clk 0:01:09]} 58. Rh7+ {[%clk 0:22:00]} Kc8
{[%clk 0:01:20]} 59. Rh1 {[%clk 0:10:27]} b2 {[%clk 0:01:23]} 60. Rb1
{[%clk 0:09:57]} Re2 {[%clk 0:01:36]} 61. Nc6 {[%clk 0:09:39]} Kd7
{[%clk 0:01:11]} 62. Nd4 {[%clk 0:09:44]} Rxe5 {[%clk 0:01:14]} 63. Rxb2
{[%clk 0:10:08]} Re3+ {[%clk 0:01:27]} 64. Kb4 {[%clk 0:10:11]} Re4
{[%clk 0:01:26]} 65. Kc3 {[%clk 0:10:13]} Rf4 {[%clk 0:01:41]} 1/2-1/2

[Event "17th International Chess Festival"]
[Site "Rochefort"]
[Date "2018.02.17"]
[Round "3.3"]
[White "Nikolov, Momchil"]
[Black "Gascon Del Nogal, Jose Rafael"]
[Result "1/2-1/2"]
[BlackElo "2477"]
[WhiteElo "2545"]
[LiveChessVersion "1.4.8"]

1. d4 {[%clk 1:30:56]} Nf6 {[%clk 1:30:45]} 2. c4 {[%clk 1:31:17]} e6
{[%clk 1:31:05]} 3. Nc3 {[%clk 1:31:32]} Bb4 {[%clk 1:31:26]} 4. Qc2
{[%clk 1:31:53]} O-O {[%clk 1:31:45]} 5. a3 {[%clk 1:32:17]} Bxc3+
{[%clk 1:32:11]} 6. Qxc3 {[%clk 1:32:39]} d5 {[%clk 1:32:37]} 7. Nf3
{[%clk 1:31:42]} dxc4 {[%clk 1:33:00]} 8. Qxc4 {[%clk 1:32:05]} b6
{[%clk 1:33:23]} 9. Bg5 {[%clk 1:32:04]} Ba6 {[%clk 1:32:32]} 10. Qa4
{[%clk 1:32:05]} Qd7 {[%clk 1:31:27]} 11. Qc2 {[%clk 1:30:54]} c5
{[%clk 1:30:59]} 12. Bxf6 {[%clk 1:13:00]} gxf6 {[%clk 1:31:20]} 13. dxc5
{[%clk 1:12:26]} Rc8 {[%clk 1:31:41]} 14. Rd1 {[%clk 1:11:44]} Qb7
{[%clk 1:25:20]} 15. e3 {[%clk 0:55:55]} Bxf1 {[%clk 1:24:32]} 16. Rxf1
{[%clk 0:46:30]} Nd7 {[%clk 1:14:44]} 17. Qa4 {[%clk 0:42:42]} Nxc5
{[%clk 1:14:37]} 18. Qh4 {[%clk 0:34:39]} Qa6 {[%clk 0:36:22]} 19. Qxf6
{[%clk 0:31:14]} Nd3+ {[%clk 0:36:26]} 20. Kd2 {[%clk 0:31:02]} Rc5
{[%clk 0:35:59]} 21. e4 {[%clk 0:26:33]} Rac8 {[%clk 0:28:57]} 22. Ke3
{[%clk 0:24:20]} Nc1 {[%clk 0:05:12]} 23. Rfe1 {[%clk 0:21:47]} Qb5
{[%clk 0:03:35]} 24. Ne5 {[%clk 0:11:32]} Rxe5 {[%clk 0:02:43]} 25. Rxc1
{[%clk 0:11:51]} Rxc1 {[%clk 0:02:25]} 26. Rxc1 {[%clk 0:05:41]} Rxe4+
{[%clk 0:02:52]} 27. Kxe4 {[%clk 0:05:56]} Qe2+ {[%clk 0:03:15]} 28. Kd4
{[%clk 0:04:34]} Qd2+ {[%clk 0:03:25]} 29. Ke4 {[%clk 0:02:55]} Qe2+
{[%clk 0:03:37]} 30. Kd4 {[%clk 0:03:19]} Qd2+ {[%clk 0:04:04]} 31. Ke4
{[%clk 0:03:09]} Qe2+ {[%clk 0:03:34]} 1/2-1/2

[Event "17th International Chess Festival"]
[Site "Rochefort"]
[Date "2018.02.17"]
[Round "3.5"]
[White "Rakotomaharo, Fy Antenaina"]
[Black "Shyam, Sundar M."]
[Result "1/2-1/2"]
[BlackElo "2521"]
[WhiteElo "2410"]
[LiveChessVersion "1.4.8"]

1. e4 {[%clk 1:30:56]} e5 {[%clk 1:30:38]} 2. Nf3 {[%clk 1:31:19]} Nc6
{[%clk 1:31:04]} 3. Bb5 {[%clk 1:31:25]} a6 {[%clk 1:29:54]} 4. Ba4
{[%clk 1:31:48]} Nf6 {[%clk 1:29:24]} 5. O-O {[%clk 1:31:43]} Nxe4
{[%clk 1:29:50]} 6. d4 {[%clk 1:32:01]} b5 {[%clk 1:30:16]} 7. Bb3
{[%clk 1:32:26]} d5 {[%clk 1:30:44]} 8. dxe5 {[%clk 1:31:16]} Be6
{[%clk 1:31:10]} 9. Be3 {[%clk 1:30:40]} Be7 {[%clk 1:30:27]} 10. Qe2
{[%clk 1:25:13]} O-O {[%clk 1:25:41]} 11. Rd1 {[%clk 1:23:02]} Qd7
{[%clk 1:03:00]} 12. c4 {[%clk 1:07:38]} bxc4 {[%clk 1:03:21]} 13. Bxc4
{[%clk 1:05:50]} Rfb8 {[%clk 1:02:22]} 14. Nc3 Nxc3 15. bxc3 Na5 16. Bxa6 Bg4 17.
Bd3 1/2-1/2

[Event "17th International Chess Festival"]
[Site "Rochefort"]
[Date "2018.02.17"]
[Round "4.1"]
[White "Demchenko, Anton"]
[Black "Dimitrov, Radoslav"]
[Result "1/2-1/2"]
[BlackElo "2478"]
[WhiteElo "2671"]
[LiveChessVersion "1.4.8"]

1. e4 {[%clk 1:30:57]} c6 {[%clk 1:28:23]} 2. Nc3 {[%clk 1:31:10]} d5
{[%clk 1:28:47]} 3. d4 {[%clk 1:31:23]} dxe4 {[%clk 1:29:02]} 4. Nxe4
{[%clk 1:31:48]} Nf6 {[%clk 1:29:22]} 5. Nxf6+ {[%clk 1:32:08]} exf6
{[%clk 1:29:51]} 6. c3 {[%clk 1:32:15]} Bf5 {[%clk 1:29:55]} 7. Ne2
{[%clk 1:31:43]} Bd6 {[%clk 1:30:18]} 8. Ng3 {[%clk 1:31:55]} Bxg3
{[%clk 1:30:39]} 9. hxg3 {[%clk 1:31:30]} O-O {[%clk 1:30:59]} 10. Be2
{[%clk 1:31:09]} Nd7 {[%clk 1:27:32]} 11. O-O {[%clk 1:30:56]} Re8
{[%clk 1:27:22]} 12. Be3 {[%clk 1:29:59]} Be4 {[%clk 1:19:45]} 13. c4
{[%clk 1:20:53]} Qa5 {[%clk 1:15:27]} 14. Qe1 {[%clk 1:17:09]} Qc7
{[%clk 1:01:29]} 15. Qc3 {[%clk 1:14:31]} Nf8 {[%clk 1:01:38]} 16. Rad1
{[%clk 1:06:58]} Rad8 {[%clk 1:01:25]} 17. Rfe1 {[%clk 1:02:08]} b6
{[%clk 0:56:54]} 18. Bf1 {[%clk 0:56:18]} Ng6 {[%clk 0:53:52]} 19. f3
{[%clk 0:53:33]} Bxf3 {[%clk 0:41:58]} 20. gxf3 {[%clk 0:52:02]} Qxg3+
{[%clk 0:42:08]} 21. Kh1 {[%clk 0:52:15]} Qh4+ {[%clk 0:24:38]} 22. Kg1
{[%clk 0:52:24]} Qg3+ {[%clk 0:24:57]} 23. Kh1 Qh4+ {[%clk 0:25:05]} 24. Kg1
{[%clk 0:53:15]} Qg3+ {[%clk 0:25:29]} 25. Kh1 {[%clk 0:53:41]} Qh4+
{[%clk 0:25:49]} 26. Kg1 {[%clk 0:54:07]} 1/2-1/2